House of Mouse Staff Quiz Stats

 Plays Quiz not verified by Sporcle

Score 0/15 Timer 10:00
0 Plays Today
Job Description Staff Member(s) % Correct
Host and ownerMickey Mouse
96.5%
Head waiterGoofy
96.5%
Greeter and co-ownerDonald Duck
94.7%
Bookkeeper and plannerMinnie Mouse
92.9%
Front desk attendant and reservations clerk Daisy Duck
92%
Club mascotPluto
80.5%
ValetMax Goof
76.1%
LandlordPete
76.1%
Job Description Staff Member(s) % Correct
'Main Street Gossip'Clarabelle Cow
68.1%
Technology maintenenceHorace Horsecollar
60.2%
Head ChefGus Goose
43.4%
EmceeMike the Microphone
40.7%
House bandHuey, Dewey, and Louie
36.3%
Janitorial staffMagic Brooms
19.5%
Assists head waiterPenguin Waiters
17.7%

You're not logged in!

Compare scores with friends on all Sporcle quizzes.
OR
Log In

Show Comments

Extras

Top Quizzes Today


Score Distribution

Your Account Isn't Verified!

In order to create a playlist on Sporcle, you need to verify the email address you used during registration. Go to your Sporcle Settings to finish the process.

Report this User

Report this user for behavior that violates our Community Guidelines.

Details: